|
|
|
|
| LEADER |
00000nam0a2200000 4500 |
| 001 |
63902 |
| 005 |
20231101212110.0 |
| 010 |
|
|
|a 5852001767
|
| 020 |
|
|
|a RU
|b 91-1309и
|
| 035 |
|
|
|a (RuTPU)RU\TPU\book\67805
|
| 090 |
|
|
|a 63902
|
| 100 |
|
|
|a 19950417d1990 m y0rusy5003 ca
|
| 101 |
1 |
|
|a rus
|c ger
|
| 102 |
|
|
|a RU
|
| 105 |
|
|
|a a z 000zd
|
| 200 |
1 |
|
|a Национальный музей изящных искусств, Гавана
|e [альбом]
|e пер. с нем.
|f авт. предисл. М. Л. Нуньес Гутьеррес
|
| 210 |
|
|
|a Москва
|c Изобразительное искусство
|d 1990
|
| 215 |
|
|
|a 190 с.
|c в основном ил., цв. ил.
|d 31 см
|
| 606 |
1 |
|
|a Живопись
|2 stltpush
|3 (RuTPU)RU\TPU\subj\73461
|9 86457
|
| 610 |
1 |
|
|a искусство
|
| 610 |
1 |
|
|a западноевропейская живопись
|
| 610 |
1 |
|
|a Куба
|
| 610 |
1 |
|
|a биографии
|
| 610 |
1 |
|
|a Древний мир
|
| 610 |
1 |
|
|a музейные собрания
|
| 610 |
1 |
|
|a Западная Европа
|
| 675 |
|
|
|a 75
|v 3
|
| 702 |
|
1 |
|a Нуньес Гутьеррес
|b М. Л.
|4 080
|
| 801 |
|
1 |
|a RU
|b 63413507
|c 20040521
|g PSBO
|
| 801 |
|
2 |
|a RU
|b 63413507
|c 20181030
|g PSBO
|
| 942 |
|
|
|c BK
|